| 000 | 00756nam a22002055i 4500 | ||
|---|---|---|---|
| 001 | 163472 | ||
| 003 | ES-MaACL | ||
| 005 | 20250704063121.0 | ||
| 008 | 991028s1897 fr |||| | fre d | ||
| 040 |
_aAS _bspa _cAS |
||
| 100 | 1 |
_aRibot, Théodule, _d1839-1916 _996838 |
|
| 245 | 1 | 2 |
_aL'evolution des idées générales / _cpar Th. Ribot. |
| 260 |
_aParis : _bAncienne Libr. Germer Baillière et Cie, Felix Alcan, _c1897 ( _eTours : _fImp. E. Arrault et C\pie\s) |
||
| 300 |
_a260 p. ; _c23 cm. |
||
| 490 | 1 | _aBibliothéque de Philosophie Contemporaine | |
| 650 | 4 |
_aConceptos (Filosofía) _9135801 |
|
| 830 | 0 |
_aBibliothéque de Philosophie Contemporaine _9181027 |
|
| 852 |
_aES-MaACL _jB-7059 _z-- Enc. pasta |
||
| 999 |
_c163472 _d163472 |
||